00887nam a22002537a 4500003000900000005001700009008002800026020001500054040002200069082002700091100004300118245016200161250001200323260003600335300002900371490001000400500002200410534008200432650003100514650002500545700002600570700002700596830001000623DO-SdBNP20221111102533.0171121b1988 sp| 00| 0 spa d a8474233747 aBPMSUbspacBPMSU 4a523.1 bH392h 19882221 aHawking, Stephen William, d1942-2018.10aHistoria del tiempo : bdel big bang a los agujeros negros /cStephen W. Hawking ; introducción de Carl Sagan ; traducción castellana de Miguel Ortuño. a3a ed. aBarcelona :bCrítica, c1988. a245 p. :bil. ; c24 cm.0 aMayor 3Incluye índice  aTítulo original : tBrief history of time. From the big bang to black holes 4xHistoria.acosmología2  4aTiempo x Historia.12aSagan, Carl,eintrod.12aOrtuño, Miguel,etr. 0aMayor